000 00527 a2200193 4500
005 20260401111357.0
008 260319b |||||||| |||| 00| 0 eng d
020 _a9789819604135
_cRs. 1995.00
040 _aMAIN
082 _a320.01
_bP974A
100 _aPuri, Bindu
245 _aAmbedkar Gandhi debate: On identity, community and justice
260 _bSpringer Nature
_c2025
_aSingapore
300 _axv, 266
650 _aPolitical Science
650 _aGandhi Debate
650 _aPolitical Thought
942 _cBK
999 _c395740
_d395740